|
|
|
|
| LEADER |
01164nam a22002417i 4500 |
| 005 |
20210117210304.0 |
| 008 |
170120s1989 gr ||||f |||| 000 0 gre d |
| 020 |
|
|
|a 9602441403
|
| 040 |
|
|
|a GR-PaULI
|b gre
|c GR-PaULI
|
| 041 |
1 |
|
|a gre
|h spa
|
| 082 |
0 |
4 |
|2 23
|a 322.1
|
| 100 |
1 |
|
|9 159405
|a Bayardo, Arce
|e συγγραφέας
|
| 245 |
1 |
0 |
|a Νικαράγουα :
|b η λαϊκή επανάσταση των Σαντινίστας /
|c ο Μπαγιάρντο Άρσε μιλά στη Δέσποινα Μάρκου.
|
| 260 |
|
|
|a Αθήνα :
|b Σύγχρονη Εποχή,
|c 1989.
|
| 300 |
|
|
|a 179 σ. ;
|c 21 εκ.
|
| 504 |
|
|
|a Περιλαμβάνει βιβλιογραφία.
|
| 650 |
|
4 |
|9 157589
|a Σαντινίστας
|
| 700 |
1 |
|
|9 159407
|a Μάρκου, Δέσποινα Σ.
|e μεταφραστής
|
| 765 |
0 |
8 |
|i Μετάφραση του:
|t Frente Sandinista de Liberacion Nacional
|
| 942 |
|
|
|2 ddc
|c BKD
|
| 952 |
|
|
|0 0
|1 0
|2 ddc
|4 0
|6 322_100000000000000_BAY
|7 1
|9 208993
|a LISP
|b LISP
|c DON
|d 2017-01-20
|e ΔΙΑ
|i 087545
|l 0
|o 322.1 BAY
|p 025000152245
|r 2017-01-20 00:00:00
|t 1
|y BKD
|x Συλλογή Διακογιάννη
|
| 998 |
|
|
|c ΒΑΣΙΛΕΙΟΥ
|d 2017-01
|
| 999 |
|
|
|c 127133
|d 127133
|